000
00196nam a2200085Ia 4500
008
120527s9999 xx 000 0 und d
100
_a
Spencer &Amos
245
_a
Contemporary Economics
942
_c
BK
999
_c
27040
_d
27040